Online katalóg knižníc regiónu Turca

Lea a kone (Record no. 21054)

MARC details
000 -LEADER
fixed length control field 01514nam a2200481 a 4500
001 - CONTROL NUMBER
control field 21054
003 - CONTROL NUMBER IDENTIFIER
control field VRT
005 - DATE AND TIME OF LATEST TRANSACTION
control field 20260211121734.0
008 - FIXED-LENGTH DATA ELEMENTS--GENERAL INFORMATION
fixed length control field 121031s2012 xo j 000 jdslo d
020 ## - INTERNATIONAL STANDARD BOOK NUMBER
International Standard Book Number 9788081030666 (viaz.)
035 ## - SYSTEM CONTROL NUMBER
System control number a000466780
039 #9 - LEVEL OF BIBLIOGRAPHIC CONTROL AND CODING DETAIL [OBSOLETE]
Level of rules in bibliographic description 201502201413
Level of effort used to assign nonsubject heading access points pechova
Level of effort used to assign subject headings 201301151109
Level of effort used to assign classification muro
Level of effort used to assign subject headings 201301101247
Level of effort used to assign classification pechova
Level of effort used to assign subject headings 201210310911
Level of effort used to assign classification viera
040 ## - CATALOGING SOURCE
Original cataloging agency PPPK
Language of cataloging slo
Transcribing agency UKB
Description conventions AACR2
041 1# - LANGUAGE CODE
Language code of text/sound track or separate title slo
Language code of original ger
044 ## - COUNTRY OF PUBLISHING/PRODUCING ENTITY CODE
MARC country code xo
ISO country code SK
072 #7 - SUBJECT CATEGORY CODE
Subject category code 821.112.2-3
Subject category code subdivision Nemecká próza, nemecky písaná
Source konspekt
072 #7 - SUBJECT CATEGORY CODE
Subject category code 821-93
Subject category code subdivision Literatúra pre deti a mládež (beletria)
Source konspekt
080 ## - UNIVERSAL DECIMAL CLASSIFICATION NUMBER
Universal Decimal Classification number 821.112.2-32
Edition identifier 2001
080 ## - UNIVERSAL DECIMAL CLASSIFICATION NUMBER
Universal Decimal Classification number (0:82-32)
Edition identifier 2001
080 ## - UNIVERSAL DECIMAL CLASSIFICATION NUMBER
Universal Decimal Classification number 821-93
Edition identifier 2001
100 1# - MAIN ENTRY--PERSONAL NAME
Personal name Gohl, Christiane,
Dates associated with a name 1958-
240 10 - UNIFORM TITLE
Uniform title Lea und die Pferde.
Number of part/section of a work 1.
Name of part/section of a work Das Glück der Erde.
Language of a work Slovensky
245 10 - TITLE STATEMENT
Title Lea a kone
Number of part/section of a work [1]
Name of part/section of a work Šťastie pre koňa
Statement of responsibility, etc. Christiane Gohl ; [z nemeckého originálu preložila Danka Banská]
246 30 - VARYING FORM OF TITLE
Title proper/short title Šťastie pre koňa
250 ## - EDITION STATEMENT
Edition statement 1. vyd.
260 ## - PUBLICATION, DISTRIBUTION, ETC.
Place of publication, distribution, etc. Senica
Name of publisher, distributor, etc. Arkus
Date of publication, distribution, etc. 2012
300 ## - PHYSICAL DESCRIPTION
Extent 125 s.
504 ## - BIBLIOGRAPHY, ETC. NOTE
Bibliography, etc. note Biogr. údaje
653 ## - INDEX TERM--UNCONTROLLED
Uncontrolled term 821.112.2-32
653 ## - INDEX TERM--UNCONTROLLED
Uncontrolled term (0:82-32)
653 ## - INDEX TERM--UNCONTROLLED
Uncontrolled term 821-93
655 #7 - INDEX TERM--GENRE/FORM
Genre/form data or focus term nemecké príbehy
Source of term UKBPH
655 #7 - INDEX TERM--GENRE/FORM
Genre/form data or focus term publikácie pre deti
Source of term UKBPH
700 1# - ADDED ENTRY--PERSONAL NAME
Personal name Banská, Danka
Relationship trl
910 ## - USER-OPTION DATA (OCLC)
User-option data pppk
910 ## - USER-OPTION DATA (OCLC)
User-option data pokpoh
910 ## - USER-OPTION DATA (OCLC)
User-option data ttkjf
910 ## - USER-OPTION DATA (OCLC)
User-option data vthk
910 ## - USER-OPTION DATA (OCLC)
User-option data ukb
942 ## - ADDED ENTRY ELEMENTS (KOHA)
Source of classification or shelving scheme Dewey Decimal Classification
Koha item type Krásna literatúra pre deti
Suppress in OPAC No
949 ## - LOCAL PROCESSING INFORMATION (OCLC)
6 1800551934
a SL.D.88963
b PV.12139-2012
949 ## - LOCAL PROCESSING INFORMATION (OCLC)
6 1800551935
a SK.D.56753
b PV.12140-2012
s 6707:20130118
Holdings
Stav vyradenia Strata Poškodenie Spôsob nadobudnutia Domovská knižnica Aktuálna knižnica Dátum nadobudnutia Total checkouts Čiarový kód exemplára Date last seen Typ exemplára
      Dar Mestská knižnica Turany Mestská knižnica Turany 11.02.2026   4712401289 11.02.2026 Krásna literatúra pre deti
Projekt je podporený Slovenskou asociáciou knižníc
Prevádzkuje Turčianska knižnica Martin 2026